000 00605nam a22002417a 4500
003 UA-OsUOA
001 42968
007 ta
008 20061201b un ||||| |||| 00| 0 ukr d
100 _aРагойша В.
090 _a908(476)
_bР14
942 _cBK
040 _aUA-OsUOA
_brus
_cUA-OsUOA
_dUA-OsUOA
245 _aТам, где струится Ислочь
300 _a142 с.
955 _a3
041 _arus
080 _a908(476)
020 _a5-85700-069-6
260 _aМінск
_bИзд-во "БСЭ"
_c1991
650 7 _a908 Краєзнавство
_2UDC
999 _c329102
_d329102